Todos los Jugadores que han jugado para Argentinos Juniors (2016-2026) - Estadísticas

Estadísticas generales
  • Esta prueba ha sido intentada 4 veces
  • La puntuación promedio es 40 de 180
Estadísticas de respuestas
Minutos Jugados Jugador % Correcto
8.712 Alan Lescano
67%
6.784 Alan Rodriguez
67%
5.563 Braian Romero
67%
7.909 Damian Batallini
67%
7.605 Diego Rodriguez
67%
1.830 Diego Sosa
67%
1.121 Edwar Lopez
67%
8.888 Elias Gomez
67%
169 Enzo Perez
67%
4.485 Federico Fattori
67%
15 Franco Lopez
67%
2.232 Hernan Lopez Muñoz
67%
788 Ismael Sosa
67%
1.733 Jonatan Gomez
67%
2.055 Kevin Coronel
67%
231 Lautaro Fernandez
67%
4.737 Leandro Lozano
67%
1.262 Leonel Gonzalez
67%
1.444 Lucas Gomez
67%
425 Lucas Rodriguez
67%
1.120 Luciano Gomez
67%
1.565 Mateo Coronel
67%
462 Matias Gimenez Rojas
67%
447 Matias Martinez
67%
5.217 Matias Romero
67%
2.832 Maximilano Romero
67%
20.086 Miguel Angel Torren
67%
374 Nahuel Rodriguez
67%
276 Nehuen Perez
67%
3.028 Nicolas Gonzalez
67%
677 Santiago Rodriguez
67%
2.152 Sebastian Martinez
67%
360 Sergio Romero
67%
5.332 Alexis Mac Allister
33%
1.620 Brayan Cortes
33%
12 Bruno Villalba
33%
6.990 Carlos Quintana
33%
321 Claudio Bravo
33%
1.233 Claudio Spinelli
33%
461 Cristian Ferreira
33%
1.497 Diego Porcel
33%
3.267 Emiliano Viveros
33%
4.533 Erik Godoy
33%
74 Ezequiel Ham
33%
186 Facundo Ferreyra
33%
5.723 Fausto Vera
33%
3.604 Federico Redondo
33%
11 Fernando Alvarez
33%
7.784 Francisco Alvarez
33%
4.893 Francis Mac Allister
33%
13.147 Franco Moyano
33%
9.240 Gabriel Avalos
33%
5.035 Gabriel Florentin
33%
6.744 Gabriel Hauche
33%
6.494 Gaston Veron
33%
51 Gino Infantino
33%
495 Gonzalo Siri Payer
33%
692 Ivan Morales
33%
49 Ivan Silva
33%
13.871 Javier Cabrera
33%
38 Joaquin Ardaiz
33%
184 Joaquin Gho
33%
12.105 Jonathan Sandoval
33%
90 Juan Manuel Cabrera
33%
13.088 Kevin Mac Allister
33%
1.116 Lautaro Giaccone
33%
12.278 Lucas Chaves
33%
10.958 Lucas Villalba
33%
3.260 Luciano Gondou
33%
2.899 Luciano Sanchez
33%
4.617 Marco Di Cesare
33%
647 Matias Vera
33%
90 Miguel Acosta
33%
6.728 Nicolas Oroz
33%
4.206 Nicolas Reniero
33%
776 Nicolas Silva
33%
1.295 Raul Bobadilla
33%
1.405 Roman Riquelme
33%
4.545 Roman Vega
33%
89 Ryoga Kida
33%
3.912 Santiago Montiel
33%
2.313 Santiago Silva
33%
5.532 Sebastian Prieto
33%
61 Sebastian Riquelme
33%
2.090 Thiago Santamaria
33%
4.486 Tomas Molina
33%
73 Aaron Barquett
0%
14 Adrian Colombino
0%
115 Agustin Alberione
0%
2.866 Alexis Martin Arias
0%
796 Andres Roa
0%
1.631 Ariel Gamarra
0%
96 Beto da Silva
0%
540 Camilo Vargas
0%
375 Carlos Bueno
0%
989 Cristian Ledesma
0%
15 Daniel Saggiomo
0%
863 David Zalazar
0%
543 Emanuel Herrera
0%
361 Emanuel Tripodi
0%
955 Emiliano Zelaya
0%
295 Enrique Borja
0%
689 Enzo Kalinski
0%
1.080 Enzo Ybañez
0%
4.484 Esteban Rolon
0%
449 Esteban Rueda
0%
1.054 Fabricio Dominguez
0%
911 Fabricio Lenci
0%
37 Facundo Baez
0%
2.896 Facundo Barboza
0%
25 Facundo Carrizo
0%
404 Facundo Jainikoski
0%
76 Facundo Mater
0%
3.261 Fausto Montero
0%
83 Federico Anselmo
0%
709 Federico Insua
0%
12.271 Federico Lanzillotta
0%
1.594 Fernando Meza
0%
2.820 Francisco Fydriszewski
0%
3.293 Francisco Gonzalez Metilli
0%
418 Francisco Ilarregui
0%
845 Franco Ibarra
0%
16 Franco Vazquez
0%
4.067 Gabriel Carabajal
0%
16 Gabriel Rocha
0%
2.896 Gaston Bojanich
0%
1 Gaston Bouhier
0%
3.734 Gaston Machin
0%
2.934 Gonzalo Piovi
0%
3.945 Guillermo Benitez
0%
454 Hernan Toledo
0%
4.591 Ivan Colman
0%
3.247 Joaquin Laso
0%
4.003 Jonathan Galvan
0%
4.241 Jose Maria Herrera
0%
937 Juan Camilo Saiz
0%
838 Juan Ignacio Mendez
0%
930 Juan Jose Cardozo
0%
552 Juan Manuel Cobo
0%
191 Juan Roman Pucheta
0%
601 Junior Benitez
0%
30 Lautaro Mesa
0%
369 Lautaro Ovando
0%
541 Lautaro Rinaldi
0%
90 Leandro Finochietto
0%
419 Leandro Paiva
0%
2.576 Leonardo Heredia
0%
1.914 Leonardo Pisculichi
0%
538 Leonel Mosevich
0%
144 Lucas Ambrogio
0%
1.013 Lucas Barrios
0%
236 Lucas Cano
0%
40 Lucas Ferraz Vila
0%
780 Luciano Cabral
0%
66 Manuel Brondo
0%
632 Marcos Angeleri
0%
2.299 Mariano Bittolo
0%
55 Mateo Antoni
0%
146 Mateo Diaz Chavez
0%
322 Matias Caruzzo
0%
1.523 Matias Galarza
0%
1 Matias Lugo
0%
408 Matias Perello
0%
301 Matias Pisano
0%
625 Matko Miljevic
0%
270 Mauro Maidana
0%
113 Mauro Quiroga
0%
180 Maximilano Cavallotti
0%
52 Maximilano Centurion
0%
190 Nicolas Cordero
0%
4.545 Nicolas Freire
0%
2.354 Pablo Minissale
0%
348 Patricio Matricardi
0%
956 Rodrigo Cabral
0%
238 Ruben Bentancourt
0%
2.372 Thiago Nuss
0%
68 Thomas Amilivia
0%
3.261 Tobias Ramirez
0%
87 Tomas Andrade
0%
180 Victorio Ramis
0%
No se encontraron pruebas coincidentes
Distribución de puntuación
Porcentaje de gente con cada puntuación
Porcentaje por número respondido
Historial de tus puntuaciones
No has intentado esta prueba.